| 000 | 00636nam a2200193Ia 4500 | ||
|---|---|---|---|
| 003 | LDD | ||
| 008 | 190117s9999 xx 000 0 und d | ||
| 020 |
_a9789383682140 _c₹200 |
||
| 040 | _cLDD | ||
| 041 | _ahi | ||
| 082 | _a8H3.7 या79203न | ||
| 100 | _aयात्री, से.रा | ||
| 245 | 0 |
_aनदी पिछे नही मुडती _cसे.रा यात्री |
|
| 260 |
_aनई दिल्ली _bअमन प्रकाशन _c2014 |
||
| 300 | _a112पृ | ||
| 901 | _aKKP 00 | ||
| 904 | _aReqst by : J.M.Parakh | ||
| 942 |
_2ddc _cH |
||
| 999 |
_c167662 _d167662 |
||